El grito manso
Sábháilte in:
| Príomhchruthaitheoir: | |
|---|---|
| Formáid: | LEABHAR |
| Teanga: | Spáinnis |
| Foilsithe / Cruthaithe: |
Ciudad de México
Siglo XXI
2010
|
| Eagrán: | 2a. ed |
| Sraith: | Educación
|
| Ábhair: | |
| Clibeanna: |
Cuir clib leis
Níl clibeanna ann, Bí ar an gcéad duine le clib a chur leis an taifead seo!
|
MARC
| LEADER | 00000cam a2200000 a 4500 | ||
|---|---|---|---|
| 001 | UCG9678 | ||
| 003 | CL-VaPUC | ||
| 008 | 120330e20100000MX |||||||||||||||||spa|d | ||
| 020 | |a 9786070301582 | ||
| 082 | 0 | 4 | |a 370.1 |b FRE |2 21 |
| 100 | |a Freire, Paulo |e autor |9 352356 | ||
| 245 | 1 | 3 | |a El grito manso |
| 250 | |a 2a. ed | ||
| 300 | |a 110 p | ||
| 942 | |c BK | ||
| 945 | |d 20120330 00:00:00 |a cmena | ||
| 260 | |a Ciudad de México |b Siglo XXI |c 2010 | ||
| 650 | 0 | |a Filosofía de la educación |9 258384 | |
| 583 | |a last modification |c 20120330 10:32:00 |k Rodrigo Vera | ||
| 490 | 0 | |a Educación | |
| 999 | |c 347224 |d 347222 | ||
| 952 | |0 0 |1 0 |4 0 |6 370_100000000000000_FRE_2010 |7 0 |8 A |9 448403 |a BIBGIM |b BIBGIM |d 2019-11-22 |i 4850270 |o 370.1 FRE 2010 |p 4850270 |r 2025-01-15 |w 2019-11-22 |y BK |k SSL | ||
| 952 | |0 0 |1 0 |4 0 |6 370_100000000000000_FRE_2010 |7 0 |8 A |9 448404 |a BIBGIM |b BIBGIM |d 2019-11-22 |i 4850289 |l 2 |m 1 |o 370.1 FRE 2010 |p 4850289 |r 2025-01-15 |s 2024-10-21 |w 2019-11-22 |y BK |k SSL | ||
| 952 | |0 0 |1 0 |3 erb |4 0 |6 370_100000000000000_FRE_2010 |7 0 |8 A |9 448405 |a BIBTEO |b BIBTEO |i 5244722 |o 370.1 FRE 2010 |p 5244722 |r 2025-01-17 |w 2019-11-22 |y BK |z Catalogado en:20151022 |k ICR | ||